00580 a2200193 4500001000700000022001400007040002200021041001300043082001900056245002600075260003600101300000800137362001300145490002700158697007800185942000700263952009700270999001900367129916 a1679-656X cLeonardo Da Vinci aInglês aAMS 2010b2010 aAmerican Scientist 67 bSigmacMar./Abr. 1979aNew York a256 a20100310 aAmerican Scientistv67 aResiduos nuclearesaExploração de animaisaMemóriasaCartasaGhemat cCR 00104070a71.1b71.1d2024-03-27l0oAMS 2010pO00410r2024-03-27 22:25:52w2024-03-27yCR c129916d129916